Quiz o Płocku - Statystyki

Ogólne statystyki
  • Ten quiz został rozwiązany 339 razy
  • Średni wynik to 8 z 15
Statystyki odpowiedzi
Podpowiedź Odpowiedź % Poprawnych
Rzeka przebiegającaprzez Płock Wisła
98%
Tablica rejestracyjnaobowiązująca w Płocku WP
95%
Województwo w którymznajduje się Płock Mazowieckie
93%
Klub Piłkarski z Płocka Wisła Płock
93%
Ilość rynków znajdujących się wPłocku 2 / dwa
80%
Prezydent Płocka Andrzej Nowakowski
74%
Barwy istniejące na herbie Płocka Biały / czarny / żółty /niebieski / czerwony
62%
Ilośc dzielnic znajdujących się wPłocku 23
44%
Odległość która dzieli Płock iWarszawę w kilometrach 110
37%
Rok od którego Płock posiadaprawa miejskie 1237
32%
Najczęściej odwiedzane miejsce w Płocku Wzgórze Tumskie
32%
Wiek w którym założono miasto Płock IX
26%
Którym największym miastem w Polsce pod względem ludności jest Płock 31
25%
Na przełomie którychwieków Płock był stolicą Polski XI wiek XII wiek
5%
Nazwa najstarszej szkołyśredniej w Polsce która stoi w Płocku Małachiowanka
3%
Nie znaleziono quizów pasujących do podanych kryteriów
Rozkład punktacji
Procent ludzi z każdym wynikiem
Percentyl według liczby udzielonych odpowiedzi
Twoja historia wyników
Nie rozwiązałeś tego quizu